• 首页
  • 本馆介绍
  • 公告通知
  • 最新文献
  • 馆藏检索
  • 电子资源
  • 读者导购
  • 参考咨询
  • 我的图书馆
  • 登录
  • 详细信息显示
  • 放入我的书架
  • 预约/预借图书
  • 作者相关作品
  • 分类相关作品
  • 丛书相关作品
  • 出版社相关作品

书目信息

  • 表格格式
  • 工作单格式
  • 卡片格式
题名:
中国司法文明指数报告
    
 
作者: 张保生 , 张中 , 吴洪淇 著
分册:  
出版信息: 北京   中国政法大学出版社  2016
页数: 104页
开本: 29cm
丛书名:
单 册:
中图分类: D926.04
科图分类:
主题词: 司法制度--si fa zhi du--研究报告--中国--2015
电子资源:
ISBN: 978-7-5620-6591-3
000 01186nam0 22002891 450
001 1730343016
005 20170525101546.0
010    @a978-7-5620-6591-3@dCNY49.00
100    @a20160412d2016 em y0chiy50 ea
101 0  @achi@eeng
102    @aCN@b110000
105    @ay z 000yy
106    @ar
200 1  @a中国司法文明指数报告@Azhong guo si fa wen ming zhi shu bao gao@e2015@dReport on China justice index@e2015@f张保生, 张中, 吴洪淇等著@zeng
210    @a北京@c中国政法大学出版社@d2016
215    @a104页@d29cm
300    @a国家“2011计划”司法文明协同创新中心
314    @a封面题:张保生、张中、吴洪淇等著
330    @a本书展现了2015年在全国20个省、自治区、直辖市进行试点调查和数据分析的成果。书中反映了司法文明建设的强项和弱项,体现了人民群众对司法工作的满意程度,描述了随时间变化的司法文明进步轨迹。
510 1  @aReport on China justice index@e2015@zeng
606 0  @a司法制度@Asi fa zhi du@x研究报告@y中国@z2015
690    @aD926.04@v5
701  0 @a张保生@Azhang bao sheng@c(法学)@4著
701  0 @a张中@Azhang zhong@c(法律,@f1973~)@4著
701  0 @a吴洪淇@Awu hong qi@f(1982~)@4著
801  0 @aCN@bTANG WEI@c20170524
905    @b0969833-7@dD926.04@e729@f5
    
    中国司法文明指数报告:2015=Report on China justice index:2015/张保生, 张中, 吴洪淇等著.-北京:中国政法大学出版社,2016
    104页;29cm
    国家“2011计划”司法文明协同创新中心
    
    ISBN 978-7-5620-6591-3:CNY49.00
    本书展现了2015年在全国20个省、自治区、直辖市进行试点调查和数据分析的成果。书中反映了司法文明建设的强项和弱项,体现了人民群众对司法工作的满意程度,描述了随时间变化的司法文明进步轨迹。
●
相关链接 在E读中查询图书 在五车中查询图书 在当当中查询图书 在豆瓣中查询图书


正题名:中国司法文明指数报告     索取号:D926.04/729         预约/预借

序号 登录号 条形码 馆藏地/架位号 状态 备注
1 0969833   209698335   第一样本阅览室/ [索取号:D926.04/729] 在馆    
2 0969834   209698344   密集书库-史法系/ [索取号:D926.04/729] 在馆    
3 0969835   209698353   第一借阅区/ [索取号:D926.04/729] 在馆    
4 0969836   209698362   第一借阅区/ [索取号:D926.04/729] 在馆    
5 0969837   209698371   第一借阅区/ [索取号:D926.04/729] 在馆    
唐山师范学院图书馆 欢迎您!
大连网信软件有限公司© 版权所有